| 000 | 00470cam a2200181ua 4500 | ||
|---|---|---|---|
| 020 | _c20.00 | ||
| 041 |
_aeng _h |
||
| 082 |
_a621.3 _bTOR/PR |
||
| 100 | _aToro, Vincent Del . | ||
| 245 |
_aPrinciples of electrical engineering / _cVincent Del Toro. _hTextual Documents |
||
| 250 |
_a1 / _b. |
||
| 260 |
_aNew Delhi : _bPrentice Hall of India Pvt Ltd. , _c1968. |
||
| 300 | _a775 ; . | ||
| 365 | _a20.00 | ||
| 504 | _a | ||
| 942 | _cBK | ||
| 999 |
_c7340 _d7340 |
||